| 000 | 00000nam 2200000zi 4500 |
| 001 | 9.926962 |
| 003 | CaOODSP |
| 005 | 20231023151530 |
| 006 | m o d f |
| 007 | cr mn||||||||| |
| 008 | 230906t20232023onca ob f000 0 eng d |
| 020 | |a9780660678108 |
| 040 | |aCaOODSP|beng|erda|cCaOODSP |
| 043 | |an-cn--- |
| 045 | |ay1y2 |
| 086 | 1 |aFA1-27/2023-1-8E-PDF |
| 110 | 1 |aCanada. |bOffice of the Auditor General, |eauthor, |eissuing body. |
| 245 | 14|aThe Benefits Delivery Modernization programme : |bindependent auditor's report. |
| 264 | 1|a[Ottawa] : |bOffice of the Auditor General of Canada = Bureau du vérificateur général du Canada, |c2023. |
| 264 | 4|c©2023 |
| 300 | |a1 online resource (v, 21 pages) : |bcolour illustrations. |
| 336 | |atext|btxt|2rdacontent |
| 337 | |acomputer|bc|2rdamedia |
| 338 | |aonline resource|bcr|2rdacarrier |
| 490 | 1 |aReports of the Auditor General of Canada to the Parliament of Canada, |x2561-343X ; |vreport 8 |
| 500 | |aIssued also in French under title: Le programme de Modernisation du versement des prestations : rapport de l'auditeur indépendant. |
| 504 | |aIncludes bibliographical references. |
| 520 | |a"This independent assurance report was prepared by the Office of the Auditor General of Canada on the Benefits Delivery Modernization programme. Our responsibility was to provide objective information, advice, and assurance to assist Parliament in its scrutiny of the government's management of resources and programs and to conclude on whether Employment and Social Development Canada, with the support of the Treasury Board of Canada Secretariat, Shared Services Canada, and Public Services and Procurement Canada, complied in all significant respects with the applicable criteria. … The objective of this audit was to determine whether Employment and Social Development Canada, with the support of the Treasury Board of Canada Secretariat, Shared Services Canada, and Public Services and Procurement Canada, managed the Benefits Delivery Modernization programme to protect the continuity of Old Age Security, Canada Pension Plan, and Employment Insurance benefits and whether its support for the transition of information technology systems and business processes was on track to deliver accurate and timely benefits for all Canadians"--About the audit, pages 15, 16. |
| 610 | 10|aCanada. |bEmployment and Social Development Canada|xAuditing. |
| 610 | 10|aCanada. |bTreasury Board|xAuditing. |
| 610 | 10|aCanada. |bShared Services Canada|xAuditing. |
| 610 | 10|aCanada. |bPublic Services and Procurement Canada|xAuditing. |
| 610 | 20|aCanada Pension Plan|xManagement. |
| 650 | 0|aOld age pensions|zCanada|xManagement. |
| 650 | 0|aPensions|zCanada|xManagement. |
| 650 | 0|aUnemployment insurance|zCanada|xManagement. |
| 775 | 08|tLe programme de Modernisation du versement des prestations : |w(CaOODSP)9.926961 |
| 830 | #0|aReports of the Auditor General of Canada to the Parliament of Canada ;|vreport 8.|w(CaOODSP)9.846691 |
| 856 | 40|qPDF|s828 KB|uhttps://publications.gc.ca/collections/collection_2023/bvg-oag/FA1-27-2023-1-8-eng.pdf |
| 856 | 4 |qHTML|sN/A|uhttps://www.oag-bvg.gc.ca/internet/English/att__e_44349.html |